000 00660nam a2200265Ia 4500
003 OSt
005 20221007105233.0
006 a|||||r|||| 00| 0
007 ta
008 221006b |||||||| |||| 00| 0 eng d
024 _a18,002
037 _cTextual
040 _aLCO
_cLCO
_beng
041 _2eng
_aeng
082 _aZ2,3, N1
100 _aCheshire G.C
_9152548
245 0 _aLaw of Contract
250 _a12th
260 _aLondon
_bButterworths UK
_c1991
300 _a708
650 _aCONTRACT
700 _a Fifoot C.H.S
_9152549
942 _hZ2,3, N1
_cTEXL
999 _c1187565
_d1187565